000 00752nam a22002297a 4500
942 _cBK
999 _c605
_d605
005 20250420134818.0
008 200812b ||||| |||| 00| 0 eng d
020 _a9780071268806
040 _cKCST
082 _a621.395
_bBr Fu
100 _aBrown, Stephen D.,
_95057
245 _aFundamentals of digital logic with VHDL design /
_cStephen Brown; Zvonko Vranesic
_h
250 _a3 int. student edition
260 _aNew York:
_bMcGraw-Hill
_c2009.
300 _a540 p.
650 _aLogic circuits -- Design and construction -- Data processing.
_95058
650 _aLogic design -- Data processing.
_95059
650 _aVHDL (Computer hardware description language)
_91308
700 _aVranesic, Zvonko G.
_95060
942 _2ddc